Design, modelling and analysis of an isolated hihg-grain DC-DC converter for renewable energy systems (Record no. 115694)
[ view plain ]
| 000 -LEADER | |
|---|---|
| fixed length control field | 00527nam a22001457a 4500 |
| 005 - DATE AND TIME OF LATEST TRANSACTION | |
| control field | 20260309134013.0 |
| 008 - FIXED-LENGTH DATA ELEMENTS--GENERAL INFORMATION | |
| fixed length control field | 260309b |||||||| |||| 00| 0 eng d |
| 100 ## - MAIN ENTRY--PERSONAL NAME | |
| Personal name | Preenu Paul |
| 245 ## - TITLE STATEMENT | |
| Title | Design, modelling and analysis of an isolated hihg-grain DC-DC converter for renewable energy systems |
| 260 ## - PUBLICATION, DISTRIBUTION, ETC. (IMPRINT) | |
| Place of publication, distribution, etc | Kochi |
| Name of publisher, distributor, etc | Division of Electronics and Communications Engineering, School of Engineering,CUSAT |
| Date of publication, distribution, etc | 2025 |
| 300 ## - PHYSICAL DESCRIPTION | |
| Extent | xix,156p. |
| 700 ## - ADDED ENTRY--PERSONAL NAME | |
| Personal name | Guided by Babita R. Jose |
| 700 ## - ADDED ENTRY--PERSONAL NAME | |
| Personal name | Co-guided by Shahana T. K. |
| 942 ## - ADDED ENTRY ELEMENTS (KOHA) | |
| item type | Under processing |
| Lost status | Source of classification or shelving scheme | Not for loan | Home library | Current library | Date acquired | Total Checkouts | Barcode | Date last seen | Price effective from | Koha item type |
|---|---|---|---|---|---|---|---|---|---|---|
| Universal Decimal Classification | Not For Loan | University Library | University Library | 09/03/2026 | T0002450 | 09/03/2026 | 09/03/2026 | Under processing |
